| 000 | 01187cam a2200361 a 4500 | ||
|---|---|---|---|
| 001 | 16350472 | ||
| 003 | OSt | ||
| 005 | 20150408114126.0 | ||
| 008 | 100727s2011 enka b 001 0 eng | ||
| 010 | _a 2010031445 | ||
| 015 |
_aGBB0A7187 _2bnb |
||
| 016 | 7 |
_a015643801 _2Uk |
|
| 020 | _a9780415467537 (hardback) | ||
| 020 | _a0415467535 (hardback) | ||
| 020 | _a9780415467544 (pbk.) | ||
| 020 | _a0415467543 (pbk.) | ||
| 020 | _a9780203832929 (ebook) | ||
| 020 | _a0203832922 (ebook) | ||
| 035 | _a(OCoLC)ocn368025095 | ||
| 040 |
_ama_un _cDLC _dYDX _dBTCTA _dYDXCP _dUKM _dCDX _dBWX _dDLC |
||
| 050 | 0 | 0 |
_a _b |
| 082 | 0 | 0 |
_a418.02 BMI _222 |
| 100 | 1 |
_aBaker, Mona. _934314 |
|
| 245 | 1 | 0 |
_aIn other words : _ba coursebook on translation / _cMona Baker. |
| 250 | _a2nd ed. | ||
| 260 |
_aAbingdon, Oxon. ; _aNew York, NY : _bRoutledge, _c2011. |
||
| 300 |
_axviii, 332 p. : _bill. ; _c26 cm. |
||
| 504 | _aIncludes bibliographical references and index. | ||
| 650 | 0 |
_aTranslating and interpreting. _98640 |
|
| 906 |
_a7 _bcbc _corignew _d1 _eecip _f20 _gy-gencatlg |
||
| 942 |
_2ddc _cBOOK |
||
| 999 |
_c29039 _d263539 |
||